LEADER 01000nam--2200349---450- 001 990000345290203316 035 $a0034529 035 $aUSA010034529 035 $a(ALEPH)000034529USA01 035 $a0034529 100 $a20010226d1973----km-y0itay0103----ba 101 $aeng 102 $aUS 105 $a||||||||001yy 200 1 $aComputability theory$ean introduction$fNeil D. Jones 210 $aNew York$cAcademic Press$d1973 215 $aXIV, 154 p.$cill.$d23 cm 225 2 $aACM Monograph Series$v17 410 $12001$aACM Monograph Series$v17 461 1$1001-------$12001 676 $a621.38195 700 1$aJONES,$bNeil D$059760 801 0$aIT$bsalbc$gISBD 912 $a990000345290203316 951 $a001 ACM (17)$b10648$c001 ACM$d00100702 959 $aBK 969 $aSCI 979 $aPATTY$b90$c20010226$lUSA01$h1233 979 $c20020403$lUSA01$h1642 979 $aPATRY$b90$c20040406$lUSA01$h1624 996 $aComputability theory$9878787 997 $aUNISA LEADER 01175nam a2200265 i 4500 001 991000816189707536 008 050208s2004 fr b 01 0 fre d 020 $a285121201X 035 $ab13277327-39ule_inst 040 $aDip.to Filologia Class. e Scienze Filosofiche$bita 245 00$aChartae caritatis :$bétudes de patristique et d'antiquité tardive en hommage à Yves-Marie Duval /$céditées par Benoît Gain, Pierre Jay et Gérard Nauroy 260 $aParis :$bInstitut d'Études Augustiniennes,$c2004 300 $a529 p. ;$c25 cm 440 0$aCollection des Études Augustiniennes. Série antiquité ;$v173 500 $aBibliographie d'Yves-Marie Duval: p. 7-17 650 4$aDuval, Yves-Marie 650 4$aPatristica 700 1 $aDuval, Yves-Marie 700 1 $aGain, Benoît $eauthor$4http://id.loc.gov/vocabulary/relators/aut$0416879 907 $a.b13277327$b02-04-14$c08-02-05 912 $a991000816189707536 945 $aLE007 270 DUV 01.01$g1$i2007000086896$lle007$o-$pE0.00$q-$rl$s- $t0$u0$v0$w0$x0$y.i1400169x$z08-02-05 996 $aChartae caritatis$91461027 997 $aUNISALENTO 998 $ale007$b08-02-05$cm$da $e-$ffre$gfr $h0$i0